01070nam a2200265 a 450000100060000000300080000600500170001400800410003103500190007204000270009104100080011808200240012610000340015024501260018426000460031030000350035650400650039165000460045665000460050265100530054871000540060194200120065599900170066795201200068464558BD-RjUL20211209081324.0170216s1938 enkab b 001 0 eng d a(BD-RjUL)64688 aDLCcDLCdBD-RjULbeng aeng 223a943.7bWIC 19381 aWiskemann, Elizabeth.919147710aCzechs and Germans :ba study of the struggle in the historic provinces of Bohemia and Moravia /cby Elizabeth Wiskemann. aLondon :bOxford University Press,c1938. aviii, 299 p. :bill. ;c22 cm. aIncludes bibliographial references (p. [284]-287) and index. 0aGermanszCzech RepubliczBohemia.9191478 0aGermanszCzech RepubliczMoravia.9191479 0aCzechoslovakiaxPolitics and government.91914802 aRoyal Institute of International Affairs.9183145 2ddccBK c64558d64558 00102ddc40718NFICaRUCLbRUCLcReadingd2017-02-16l0o943.7 WIC 1938r2017-02-16 00:00:00tC-1w2017-02-16yBK